000 00913akm a2200289a 44500
008 150611s2015 cat
041 _acat
100 _aStefanescu, Constantí
_973832
245 _aPapallones de Catalunya: Terra baixa mediterrània
_h[cartell]
_cConstantí Stefanescu (coord.)
260 _a[Granollers]
_bAjuntament de Granollers
260 _bMuseu de Ciències Naturals de Granollers
_c2015
300 _c62x40 cm
500 _btermcat
520 _aaprox. 40
522 _aCatalunya
591 _a10619
592 _aObra terminològica
593 _aDGG
594 _a10619
650 _apapallones
_967074
856 _uhttps://www.termcat.cat/ca/recursos/productes-multimedia/papallones-catalunya-terra-baixa-mediterrania
901 _c<2015>
902 _a150611
942 _cMO
_n0
_2ddc
999 _c66616
_d66616